Science Quiz

Random Science or Clickable Quiz

Clickable Math Alphabet Quiz Stats

 Plays Quiz Updated Mar 23, 2018

Challenge
Share
Tweet
Embed
Score 0/26 Timer 07:00
0 Plays Today
% Correct
Heptadecagon
91.7%
Trillion
91.7%
Volume
91.3%
Equal
91.1%
Zero
90.9%
Median
90.3%
Circle
90.2%
Infinity
89.9%
Unique
89.5%
Rhombus
89.3%
Width
88.9%
Geometry
88.4%
Binary
88%
% Correct
Prime Number
87.6%
x-axis
87.6%
Obtuse
87.5%
Natural Numbers
87.1%
Fraction
87.1%
Quadratic Equation
86.1%
y-axis
85.4%
Sine
81%
Angle
78.6%
Knot
75.6%
Logarithm
74.1%
Decimal
64.1%
Jacobian
57.2%

You're not logged in!

Compare scores with friends on all Sporcle quizzes.
Join for Free
OR
Log In

You Might Also Like...

Show Comments

Extras

Top Quizzes Today


Score Distribution

Your Account Isn't Verified!

In order to create a playlist on Sporcle, you need to verify the email address you used during registration. Go to your Sporcle Settings to finish the process.

Report this User

Report this user for behavior that violates our Community Guidelines.

Details: